000 01147cad a22002535a 4500
001 E150914
008 100915s2009 xxk f 100 0 eng d
020 _a9781842195192
035 _a(Sirsi) u150914
041 0 _aeng
050 0 4 _a658.404 $2 18
100 1 _aIlter, Deniz
111 2 _aConstruction and Building Research Conference
_cUniversity of Cape Town
_d10-11 September 2009
245 0 3 _aAn investigation of the factors influencing dispute frequency in construction projects
_h[electronic resource]
260 _aLondon
_bRICS
_c2009
520 _aPresents the results of a survey of 50 project managers working in on-going projects in Turkey. The findings show the relation between the frequency of disputes and thirteen factors relating to the project, project manager and senior management.
590 _aKA
650 2 4 _aCONSTRUCTION AND BUILDING RESEARCH CONFERENCE (COBRA)
651 4 _aTurkey
690 _aProject management
_96261
700 1 _aDikbas, Attila
856 4 0 _uhttps://www.rics.org/site/scripts/download_info.aspx?fileID=5009&categoryID=524
_zView the item free of charge at www.rics.org
942 _n0
999 _c111018
_d111018